Pop-literatur : Rolf Dieter Brinkmann und das Verhältnis zur Populärkultur in der Literatur der sechziger Jahre /

Bibliographic Details
Main Author: Schäfer, Jörgen, 1967-
Format: Book
Language:German
Published: Stuttgart : M & P Verlag für Wissenschaft und Forschung, [1998]
Subjects:

MARC

Tag First Indicator Second Indicator Subfields
LEADER 00000cam a2200000 a 4500
001 in00001447713
005 20151021050944.0
008 980922s1998 gw b 000 0 ger d
020 |a 3476451933 
035 |a (OCoLC)39911878 
035 |9 AJD6983AM 
040 |a FUG  |c FUG  |d OHX  |d TXA  |d UtOrBLW 
043 |a e-gx--- 
049 |a TXAM 
072 7 |a PT  |2 lcco 
090 |a PT2662.R52  |b Z83 1998 
100 1 |a Schäfer, Jörgen,  |d 1967- 
245 1 0 |a Pop-literatur :  |b Rolf Dieter Brinkmann und das Verhältnis zur Populärkultur in der Literatur der sechziger Jahre /  |c Jörgen Schäfer. 
264 1 |a Stuttgart :  |b M & P Verlag für Wissenschaft und Forschung,  |c [1998] 
264 4 |c ©1998 
300 |a 278 pages ;  |c 21 cm. 
336 |a text  |b txt  |2 rdacontent 
337 |a unmediated  |b n  |2 rdamedia 
338 |a volume  |b nc  |2 rdacarrier 
504 |a Includes bibliographical references (pages 260-278). 
600 1 0 |a Brinkmann, Rolf Dieter  |x Criticism and interpretation. 
650 0 |a Popular culture  |z Germany  |x History  |y 20th century. 
650 0 |a Popular literature  |z Germany  |y 20th century  |x History and criticism. 
948 |a c:ktn 
999 |a MARS 
999 f f |s 099b4eda-ba42-3601-a36a-d9a954e271ea  |i c50e965d-0f52-3e66-a205-360bd87b9b67  |t 0 
952 f f |p normal  |a Texas A&M University  |b College Station  |c Sterling C. Evans Library  |d Evans: Library Stacks  |t 0  |e PT2662.R52 Z83 1998  |h Library of Congress classification  |i unmediated -- volume  |m A14823941646 
998 f f |a PT2662.R52 Z83 1998  |t 0  |l Evans: Library Stacks